[Event "Olimpiada Calviá 2004"]
[Site "Calviá ESP"]
[Date "2004.10.24"]
[Round "9.17"]
[White "Fedorov, Alexei"]
[Black "Nevednichy, Vladislav"]
[Result "1/2-1/2"]
[WhiteElo "2619"]
[BlackElo "2552"]
[PlyCount "36"]
[EventDate "2004.10.15"]
[EventType "team"]
[EventRounds "14"]
[EventCountry "ESP"]
[Source "lmi"]
[SourceDate "2004.10.27"]

1. e4 d6 2. d4 Nf6 3. Bd3 e5 4. d5 g6 5. c4 Bg7 6. Nc3 c6 7. Nge2 Na6 8. Bg5 h6
9. Bd2 Nc5 10. Bc2 a5 11. O-O cxd5 12. exd5 O-O 13. b3 Bd7 14. a3 Rc8 15. Rb1
Ne8 16. Kh1 Na6 17. Bd3 Nc5 18. Bc2 Na6 1/2-1/2

[Event "Olimpiada Calviá 2004"]
[Site "Calviá ESP"]
[Date "2004.10.24"]
[Round "9.17"]
[White "Parligras, Mircea"]
[Black "Kovalev, Andrei"]
[Result "1/2-1/2"]
[WhiteElo "2559"]
[BlackElo "2575"]
[PlyCount "46"]
[EventDate "2004.10.15"]
[EventType "team"]
[EventRounds "14"]
[EventCountry "ESP"]
[Source "lmi"]
[SourceDate "2004.10.27"]

1. e4 e5 2. Nf3 Nc6 3. Bb5 a6 4. Ba4 Nf6 5. O-O Be7 6. Re1 b5 7. Bb3 d6 8. c3
O-O 9. h3 Nb8 10. d4 Nbd7 11. Nbd2 Bb7 12. Bc2 Re8 13. Nf1 Bf8 14. Ng3 g6 15.
a4 Nb6 16. a5 Nbd7 17. b3 Bg7 18. d5 Qe7 19. Bg5 c6 20. c4 Rac8 21. Qd2 cxd5
22. cxd5 Rc7 23. b4 Rec8 1/2-1/2

[Event "Olimpiada Calviá 2004"]
[Site "Calviá ESP"]
[Date "2004.10.24"]
[Round "9.17"]
[White "Dydyshko, Viacheslav"]
[Black "Lupulescu, Constantin"]
[Result "1/2-1/2"]
[WhiteElo "2581"]
[BlackElo "2560"]
[PlyCount "31"]
[EventDate "2004.10.15"]
[EventType "team"]
[EventRounds "14"]
[EventCountry "ESP"]
[Source "lmi"]
[SourceDate "2004.10.27"]

1. d4 Nf6 2. c4 g6 3. Nf3 Bg7 4. g3 O-O 5. Bg2 c6 6. Nc3 d5 7. cxd5 cxd5 8. O-O
Nc6 9. Ne5 e6 10. f4 Nd7 11. Be3 Ndxe5 12. fxe5 f6 13. exf6 Rxf6 14. Qd2 Bd7
15. Rxf6 Qxf6 16. Rd1 1/2-1/2

[Event "Olimpiada Calviá 2004"]
[Site "Calviá ESP"]
[Date "2004.10.24"]
[Round "9.18"]
[White "Stefansson, Hannes"]
[Black "Adams, Michael"]
[Result "1/2-1/2"]
[WhiteElo "2549"]
[BlackElo "2740"]
[PlyCount "30"]
[EventDate "2004.10.15"]
[EventType "team"]
[EventRounds "14"]
[EventCountry "ESP"]
[Source "lmi"]
[SourceDate "2004.10.27"]

1. e4 e5 2. Nf3 Nc6 3. Bb5 a6 4. Ba4 Nf6 5. O-O Be7 6. Re1 d6 7. c3 Bg4 8. d3
Nd7 9. Nbd2 Nc5 10. Bc2 Ne6 11. h3 Bh5 12. Nf1 Ng5 13. Bxg5 Bxg5 14. Ng3 Bxf3
15. Qxf3 g6 1/2-1/2

[Event "Olimpiada Calviá 2004"]
[Site "Calviá ESP"]
[Date "2004.10.24"]
[Round "9.18"]
[White "Thorfinnsson, Bragi"]
[Black "Hebden, Mark"]
[Result "1/2-1/2"]
[WhiteElo "2435"]
[BlackElo "2550"]
[PlyCount "84"]
[EventDate "2004.10.15"]
[EventType "team"]
[EventRounds "14"]
[EventCountry "ESP"]
[Source "lmi"]
[SourceDate "2004.10.27"]

1. d4 Nf6 2. c4 g6 3. Nc3 Bg7 4. e4 d6 5. Nf3 O-O 6. Be2 e5 7. Be3 Ng4 8. Bg5
f6 9. Bc1 exd4 10. Nxd4 f5 11. O-O fxe4 12. Bxg4 Bxg4 13. Qxg4 Bxd4 14. Qxe4
Nc6 15. Be3 Bxe3 16. Qxe3 Qh4 17. Qe4 Qxe4 18. Nxe4 Ne5 19. b3 a5 20. Nc3 Rf7
21. Na4 Re8 22. Rfe1 g5 23. Rad1 Rfe7 24. Re3 Ng4 25. Rxe7 Rxe7 26. Nc3 Nf6 27.
f3 b6 28. Nd5 Nxd5 29. Rxd5 h6 30. Kf2 Kf7 31. h4 Kf6 32. hxg5+ hxg5 33. Rd1
Re5 34. Rh1 b5 35. cxb5 Rxb5 36. Rc1 a4 37. Rxc7 axb3 38. axb3 Rxb3 39. Rc2 d5
40. Re2 Kf5 41. g3 Rb8 42. Re7 Rb2+ 1/2-1/2

[Event "Olimpiada Calviá 2004"]
[Site "Calviá ESP"]
[Date "2004.10.24"]
[Round "9.18"]
[White "Wells, Peter K"]
[Black "Kristjansson, Stefan"]
[Result "1/2-1/2"]
[WhiteElo "2504"]
[BlackElo "2444"]
[PlyCount "82"]
[EventDate "2004.10.15"]
[EventType "team"]
[EventRounds "14"]
[EventCountry "ESP"]
[Source "lmi"]
[SourceDate "2004.10.27"]

1. Nf3 Nf6 2. c4 g6 3. Nc3 d5 4. cxd5 Nxd5 5. Qa4+ Bd7 6. Qc2 Nb4 7. Qb3 c5 8.
Ne4 Qa5 9. a3 N8c6 10. Qc3 O-O-O 11. b3 Bg7 12. Qxg7 f6 13. Rb1 Bf5 14. axb4
cxb4 15. Qf7 Kb8 16. d3 Bxe4 17. dxe4 Qa2 18. Bf4+ e5 19. Rc1 exf4 20. Qxf6
Rhf8 21. Qa1 Qxb3 22. h4 Qe6 23. h5 b3 24. hxg6 hxg6 25. Rh7 Qd6 26. Qc3 Qb4
27. Qxb4 Nxb4 28. e3 Nc2+ 29. Ke2 fxe3 30. fxe3 a5 31. Ne1 b2 32. Rb1 Nxe1 33.
Rxb2 Nd3 34. Rbxb7+ Ka8 35. Ra7+ Kb8 36. Rhb7+ Kc8 37. Rc7+ Kb8 38. Rcb7+ Kc8
39. Rc7+ Kb8 40. Rcb7+ Kc8 41. Rc7+ Kb8 1/2-1/2

[Event "Olimpiada Calviá 2004"]
[Site "Calviá ESP"]
[Date "2004.10.24"]
[Round "9.19"]
[White "Martinez, Carlos Alejandro"]
[Black "Papaioannou, Ioannis"]
[Result "0-1"]
[WhiteElo "2393"]
[BlackElo "2577"]
[PlyCount "114"]
[EventDate "2004.10.15"]
[EventType "team"]
[EventRounds "14"]
[EventCountry "ESP"]
[Source "lmi"]
[SourceDate "2004.10.27"]

1. d4 Nf6 2. Nf3 c5 3. c4 cxd4 4. Nxd4 e5 5. Nb5 d5 6. cxd5 Bc5 7. N5c3 O-O 8.
g3 Ng4 9. Ne4 Bb6 10. h3 f5 11. hxg4 fxe4 12. e3 Qf6 13. Rh2 Qg6 14. g5 Na6 15.
Bd2 Bf5 16. Qh5 Qxh5 17. Rxh5 Nc5 18. Bb4 Rfc8 19. Bxc5 Rxc5 20. Nc3 Ba5 21.
Rc1 Rac8 22. Bh3 Bxh3 23. Rxh3 Rxd5 24. Ke2 Rb5 25. Rc2 Bxc3 26. bxc3 Rbc5 27.
Kd2 Rd8+ 28. Ke2 Rdc8 29. Kd2 R8c6 30. Rh4 Rc4 31. Rb2 b6 32. Rb3 Ra4 33. Rb2
Rc5 34. f3 Rac4 35. Rxe4 Rxe4 36. fxe4 Kf7 37. Kd3 Kg6 38. Rf2 Ra5 39. Rf5 Kh5
40. Rf7 g6 41. Rxh7+ Kxg5 42. Re7 Kg4 43. Rd7 g5 44. Rd5 Rc5 45. Rd7 Kxg3 46.
Rxa7 g4 47. a4 Rc6 48. Ra6 Kf2 49. a5 Rd6+ 50. Kc2 g3 51. Rxb6 g2 52. Rxd6 g1=Q
53. a6 Qa1 54. Kb3 Kxe3 55. Kb4 Qb2+ 56. Kc4 Kxe4 57. a7 Qa2+ 0-1

[Event "Olimpiada Calviá 2004"]
[Site "Calviá ESP"]
[Date "2004.10.24"]
[Round "9.19"]
[White "Mastrovasilis, Dimitrios"]
[Black "Fier, Alexander Hila"]
[Result "1-0"]
[WhiteElo "2574"]
[BlackElo "2365"]
[PlyCount "101"]
[EventDate "2004.10.15"]
[EventType "team"]
[EventRounds "14"]
[EventCountry "ESP"]
[Source "lmi"]
[SourceDate "2004.10.27"]

1. e4 c5 2. b3 Nf6 3. e5 Nd5 4. Bb2 Nc6 5. Nf3 e6 6. Nc3 Nxc3 7. Bxc3 Be7 8.
Bd3 d5 9. exd6 Bf6 10. O-O Qxd6 11. Qe2 Bd7 12. a4 Nd4 13. Nxd4 Bxd4 14. Bxd4
cxd4 15. f4 Bc6 16. Rae1 O-O 17. Qh5 g6 18. Qe5 Qxe5 19. fxe5 Kg7 20. g4 f6 21.
exf6+ Rxf6 22. g5 Rxf1+ 23. Bxf1 Bd5 24. Bg2 Rd8 25. Re5 Kf7 26. Bxd5 Rxd5 27.
Rxd5 exd5 28. Kf2 Ke6 29. Ke2 Kf5 30. Kd3 Kxg5 31. Kxd4 Kf5 32. Kxd5 g5 33. d4
g4 34. Kd6 h5 35. d5 h4 36. Kc7 g3 37. hxg3 hxg3 38. d6 g2 39. d7 g1=Q 40. d8=Q
Qg2 41. Qd7+ Kf6 42. c4 Qf3 43. Qb5 Qe4 44. Kb8 a5 45. Qb6+ Kf5 46. Qxa5+ Kg4
47. Qb6 Qe7 48. Ka7 Qe5 49. a5 Qe1 50. c5 Qe7 51. b4 1-0

[Event "Olimpiada Calviá 2004"]
[Site "Calviá ESP"]
[Date "2004.10.24"]
[Round "9.19"]
[White "Nogueira, Ivan K"]
[Black "Nikolaidis, Ioannis"]
[Result "1/2-1/2"]
[WhiteElo "2293"]
[BlackElo "2527"]
[PlyCount "38"]
[EventDate "2004.10.15"]
[EventType "team"]
[EventRounds "14"]
[EventCountry "ESP"]
[Source "lmi"]
[SourceDate "2004.10.27"]

1. e4 c5 2. Nf3 d6 3. Bb5+ Nd7 4. d4 Ngf6 5. Nc3 a6 6. Bxd7+ Nxd7 7. O-O e6 8.
dxc5 dxc5 9. e5 Be7 10. Ne4 O-O 11. Bf4 Nb6 12. Qe2 Nd5 13. Bg5 b5 14. c4 bxc4
15. Qxc4 Rb8 16. Bxe7 Qxe7 17. Qxc5 Rxb2 18. Qxe7 Nxe7 19. Rfb1 Rc2 1/2-1/2

[Event "Olimpiada Calviá 2004"]
[Site "Calviá ESP"]
[Date "2004.10.24"]
[Round "9.20"]
[White "Fridman, Daniel"]
[Black "Hernandez, Gilberto"]
[Result "1/2-1/2"]
[WhiteElo "2578"]
[BlackElo "2509"]
[PlyCount "62"]
[EventDate "2004.10.15"]
[EventType "team"]
[EventRounds "14"]
[EventCountry "ESP"]
[Source "lmi"]
[SourceDate "2004.10.27"]

1. Nf3 Nf6 2. c4 g6 3. g3 Bg7 4. Bg2 O-O 5. d4 d6 6. Nc3 c6 7. O-O Qa5 8. e4 e5
9. Re1 Nbd7 10. h3 exd4 11. Nxd4 Ne5 12. Bf1 Be6 13. Nxe6 fxe6 14. Kg2 Rad8 15.
Qa4 Qb6 16. f4 Nf7 17. Qb3 Qc7 18. Be2 e5 19. Bf3 Kh8 20. Be3 Bh6 21. Rad1 g5
22. f5 g4 23. hxg4 Bxe3 24. Rxe3 Rg8 25. Rd2 Nh6 26. Red3 Nhxg4 27. Qd1 Qg7 28.
Bxg4 Nxg4 29. Qh1 Qg5 30. Re2 Nf6 31. Kf2 a6 1/2-1/2

[Event "Olimpiada Calviá 2004"]
[Site "Calviá ESP"]
[Date "2004.10.24"]
[Round "9.20"]
[White "Gonzalez Zamora, Juan Carlo"]
[Black "Kengis, Edvins"]
[Result "1/2-1/2"]
[WhiteElo "2524"]
[BlackElo "2543"]
[PlyCount "89"]
[EventDate "2004.10.15"]
[EventType "team"]
[EventRounds "14"]
[EventCountry "ESP"]
[Source "lmi"]
[SourceDate "2004.10.27"]

1. Nf3 b6 2. g3 c5 3. Bg2 Bb7 4. O-O g6 5. c4 Bg7 6. Nc3 Nf6 7. d4 cxd4 8. Qxd4
O-O 9. Qh4 d6 10. Be3 Nbd7 11. Rac1 Rc8 12. b3 a6 13. Rfd1 Rc7 14. Ne1 Qa8 15.
Bxb7 Qxb7 16. Nd3 Rcc8 17. Bg5 b5 18. cxb5 axb5 19. Qb4 Rb8 20. Nf4 h6 21. Bxf6
Nxf6 22. Ncd5 Ne8 23. Rc6 e6 24. Rb6 Qa7 25. Rxb8 Qxb8 26. Nc3 Bxc3 27. Qxc3 d5
28. Nd3 Nd6 29. Ne5 Qa7 30. Qf3 Ne4 31. Kg2 Qxa2 32. h4 Qb2 33. Nd3 Qxb3 34.
Rc1 Qa3 35. Qf4 h5 36. Ne5 Qd6 37. f3 Nc5 38. Nxg6 Qxf4 39. Nxf4 Na4 40. Rb1
Rb8 41. Nxh5 b4 42. Nf6+ Kg7 43. Nh5+ Kg8 44. Nf6+ Kg7 45. Nh5+ 1/2-1/2

[Event "Olimpiada Calviá 2004"]
[Site "Calviá ESP"]
[Date "2004.10.24"]
[Round "9.20"]
[White "Miezis, Normunds"]
[Black "Espinosa, Rafael"]
[Result "1-0"]
[WhiteElo "2524"]
[BlackElo "2412"]
[PlyCount "71"]
[EventDate "2004.10.15"]
[EventType "team"]
[EventRounds "14"]
[EventCountry "ESP"]
[Source "lmi"]
[SourceDate "2004.10.27"]

1. c4 e5 2. Nc3 Nf6 3. g3 Nc6 4. Bg2 Bc5 5. a3 a5 6. e3 O-O 7. Nge2 Re8 8. O-O
d6 9. d3 h6 10. h3 Ba7 11. b4 Be6 12. Nd5 Bxd5 13. cxd5 Ne7 14. Qb3 Ng6 15. Nc3
Qd7 16. Kh2 h5 17. Bd2 h4 18. g4 Nh7 19. Rac1 Re7 20. a4 Rf8 21. Qc4 f5 22.
gxf5 Qxf5 23. Qe4 Qh5 24. Qg4 Qxg4 25. hxg4 e4 26. dxe4 Ne5 27. f4 Nd3 28. Rb1
g5 29. Kh3 gxf4 30. exf4 Bf2 31. Ne2 Ba7 32. g5 Nf2+ 33. Rxf2 Bxf2 34. Rf1 Ba7
35. bxa5 Rg7 36. Kxh4 1-0

[Event "Olimpiada Calviá 2004"]
[Site "Calviá ESP"]
[Date "2004.10.24"]
[Round "9.20"]
[White "Escobedo Tinajero, Alberto"]
[Black "Meijers, Viesturs"]
[Result "0-1"]
[WhiteElo "2386"]
[BlackElo "2465"]
[PlyCount "90"]
[EventDate "2004.10.15"]
[EventType "team"]
[EventRounds "14"]
[EventCountry "ESP"]
[Source "lmi"]
[SourceDate "2004.10.27"]

1. d4 Nf6 2. c4 e6 3. Nc3 Bb4 4. Qc2 c5 5. dxc5 Bxc5 6. Bf4 a6 7. e3 b6 8. Be2
Bb7 9. Bf3 Qc8 10. Bxb7 Qxb7 11. Nf3 Nh5 12. Bg3 Be7 13. Bxb8 Rxb8 14. O-O Rc8
15. Qe2 O-O 16. Rac1 Rc7 17. Rc2 f5 18. Nd2 g6 19. g3 Rfc8 20. Rfc1 Nf6 21.
Ncb1 Ng4 22. h3 Ne5 23. b3 b5 24. f4 Nf7 25. Nf1 Nd6 26. c5 Ne4 27. b4 d6 28.
cxd6 Bxd6 29. a3 Be7 30. Rxc7 Rxc7 31. Qd1 Kf7 32. Rxc7 Qxc7 33. g4 a5 34. gxf5
gxf5 35. Nbd2 Nxd2 36. Qxd2 axb4 37. axb4 Qc4 38. Qb2 Bf8 39. Qh8 h6 40. Ng3
Qxb4 41. Kf2 Qd2+ 42. Kf3 b4 43. Qe5 b3 44. Ne2 b2 45. Nd4 Qxd4 0-1

[Event "Olimpiada Calviá 2004"]
[Site "Calviá ESP"]
[Date "2004.10.24"]
[Round "9.21"]
[White "Motwani, Paul"]
[Black "Dizdarevic, Emir"]
[Result "0-1"]
[WhiteElo "2544"]
[BlackElo "2538"]
[PlyCount "86"]
[EventDate "2004.10.15"]
[EventType "team"]
[EventRounds "14"]
[EventCountry "ESP"]
[Source "lmi"]
[SourceDate "2004.10.27"]

1. d4 Nf6 2. c4 e6 3. g3 d5 4. Bg2 Bb4+ 5. Bd2 Be7 6. Nf3 O-O 7. Nc3 dxc4 8. e3
c5 9. Qa4 cxd4 10. exd4 Bd7 11. Qxc4 Bc6 12. O-O Nbd7 13. Rad1 Rc8 14. Qe2 Qb6
15. Bg5 Bb4 16. Rc1 h6 17. Be3 Qa5 18. a3 Bd6 19. Rc2 Nb6 20. Rfc1 Rcd8 21. h3
Nbd5 22. Bd2 Qb6 23. Ne5 Nxc3 24. bxc3 Bxg2 25. Kxg2 Bxa3 26. Ra1 Bd6 27. Qf3
Nd5 28. Ng4 Be7 29. Nxh6+ gxh6 30. Bxh6 Nf6 31. Raa2 Rfe8 32. Rcb2 Qc6 33. Rxb7
Rc8 34. Qxc6 Rxc6 35. Raxa7 Nd5 36. Bd2 Kg7 37. h4 f6 38. g4 Kf7 39. Rd7 Nxc3
40. Bxc3 Rxc3 41. d5 exd5 42. Rxd5 Rc4 43. f3 Rc2+ 0-1

[Event "Olimpiada Calviá 2004"]
[Site "Calviá ESP"]
[Date "2004.10.24"]
[Round "9.21"]
[White "Shaw, John"]
[Black "Kurajica, Bojan"]
[Result "1/2-1/2"]
[WhiteElo "2433"]
[BlackElo "2541"]
[PlyCount "123"]
[EventDate "2004.10.15"]
[EventType "team"]
[EventRounds "14"]
[EventCountry "ESP"]
[Source "lmi"]
[SourceDate "2004.10.27"]

1. e4 c5 2. Nf3 e6 3. c3 d5 4. exd5 Qxd5 5. d4 Nf6 6. Be3 cxd4 7. cxd4 Bb4+ 8.
Nc3 O-O 9. Be2 b6 10. Ne5 Ne4 11. Qc2 Ba6 12. Bf3 f5 13. Nd3 Nc6 14. O-O Bxc3
15. bxc3 Bxd3 16. Qxd3 Ne5 17. Bxe4 Nxd3 18. Bxd5 exd5 19. Rab1 f4 20. Rfd1
fxe3 21. Rxd3 exf2+ 22. Kf1 Rae8 23. Rd2 Rc8 24. Rb3 Rc4 25. Rxf2 Rxf2+ 26.
Kxf2 Ra4 27. a3 Kf7 28. Ke3 Ke6 29. Kd3 h5 30. Ke3 Kf6 31. h3 Rc4 32. Kd3 Ra4
33. Ke3 g6 34. g3 Rc4 35. Kd3 Ra4 36. Ke3 Ra5 37. Kd3 b5 38. Ke3 Kg5 39. Kf3 a6
40. Ke3 Ra4 41. Kf3 Rc4 42. Ke3 Rc6 43. Kf3 Rf6+ 44. Kg2 Rc6 45. Kf3 Rc8 46.
Ke3 h4 47. gxh4+ Kxh4 48. Kf4 Re8 49. a4 g5+ 50. Kf5 bxa4 51. Ra3 Re3 52. Rxa4
Rxh3 53. Rxa6 Rxc3 54. Rh6+ Kg3 55. Rg6 Rf3+ 56. Ke5 g4 57. Kxd5 Kf4 58. Ke6
Re3+ 59. Kd6 Kf5 60. Rg8 Re6+ 61. Kc7 Re7+ 62. Kd6 1/2-1/2

[Event "Olimpiada Calviá 2004"]
[Site "Calviá ESP"]
[Date "2004.10.24"]
[Round "9.21"]
[White "Predojevic, Borki"]
[Black "Dearing, Eddie"]
[Result "1-0"]
[WhiteElo "2509"]
[BlackElo "2376"]
[PlyCount "49"]
[EventDate "2004.10.15"]
[EventType "team"]
[EventRounds "14"]
[EventCountry "ESP"]
[Source "lmi"]
[SourceDate "2004.10.27"]

1. e4 d6 2. d4 Nf6 3. Bd3 e5 4. c3 d5 5. dxe5 Nxe4 6. Nf3 Nc6 7. Nbd2 Nc5 8.
Bb1 Bg4 9. O-O Qd7 10. Re1 O-O-O 11. h3 Bh5 12. b4 d4 13. cxd4 Ne6 14. d5 Qxd5
15. Be4 Bxf3 16. Bxf3 Qd4 17. Rb1 Nxe5 18. Qe2 Bd6 19. Be4 Nf4 20. Qf1 Ned3 21.
Nb3 Qf6 22. Bxf4 Nxf4 23. Na5 Qg5 24. Bxb7+ Kb8 25. Qa6 1-0

[Event "Olimpiada Calviá 2004"]
[Site "Calviá ESP"]
[Date "2004.10.24"]
[Round "9.22"]
[White "Cruz, Filemon"]
[Black "Tyomkin, Dimitri"]
[Result "0-1"]
[WhiteElo "2367"]
[BlackElo "2505"]
[PlyCount "92"]
[EventDate "2004.10.15"]
[EventType "team"]
[EventRounds "14"]
[EventCountry "ESP"]
[Source "lmi"]
[SourceDate "2004.10.27"]

1. c4 e5 2. g3 Nf6 3. Bg2 h6 4. d3 Bb4+ 5. Nd2 O-O 6. Ngf3 Re8 7. O-O c6 8. a3
Bf8 9. e4 a5 10. Re1 Na6 11. Qc2 Nc5 12. b3 d6 13. Bb2 Qb6 14. d4 exd4 15. Bxd4
Ng4 16. Rab1 Qc7 17. b4 Ne6 18. Bc3 Ne5 19. h3 Nxf3+ 20. Nxf3 Ng5 21. Nxg5 hxg5
22. bxa5 Re6 23. Rb6 Rh6 24. Reb1 Bxh3 25. Bxh3 Rxh3 26. Rxb7 Qc8 27. Qe2 g4
28. c5 d5 29. Be5 Qe6 30. Bd6 Rh8 31. Kg2 dxe4 32. Rh1 Rxh1 33. Kxh1 Bxd6 34.
cxd6 Qxd6 35. Qxe4 Qxa3 36. Qf5 Qf3+ 37. Qxf3 gxf3 38. Rb6 Rxa5 39. Rxc6 Ra1+
40. Kh2 Rf1 41. g4 Rxf2+ 42. Kg3 Rf1 43. Rc3 Kh7 44. Rxf3 Rxf3+ 45. Kxf3 Kg6
46. Kf4 f6 0-1

[Event "Olimpiada Calviá 2004"]
[Site "Calviá ESP"]
[Date "2004.10.24"]
[Round "9.22"]
[White "Bluvshtein, Mark"]
[Black "Pacheco, Marco"]
[Result "1-0"]
[WhiteElo "2502"]
[BlackElo "2320"]
[PlyCount "97"]
[EventDate "2004.10.15"]
[EventType "team"]
[EventRounds "14"]
[EventCountry "ESP"]
[Source "lmi"]
[SourceDate "2004.10.27"]

1. d4 d5 2. c4 c6 3. Nf3 Nf6 4. Nc3 dxc4 5. a4 Bf5 6. Nh4 e6 7. Nxf5 exf5 8. e3
Bb4 9. Bxc4 O-O 10. O-O Nbd7 11. Qc2 g6 12. Rd1 Qb6 13. b3 Rac8 14. Bb2 Nd5 15.
Rac1 N7f6 16. Qe2 Bxc3 17. Bxc3 Nxc3 18. Rxc3 Qb4 19. Rcc1 a5 20. Qe1 Qb6 21.
Rb1 Rc7 22. g3 Rd8 23. b4 axb4 24. Rxb4 Qa5 25. Rdb1 Nd5 26. Bxd5 Rxd5 27. Qd1
Rdd7 28. Qb3 h5 29. h4 Qa7 30. Rb6 Qa8 31. Rc1 Qd8 32. Rc5 Qe8 33. a5 Re7 34.
d5 cxd5 35. Rxc7 Rxc7 36. Qxd5 Rc1+ 37. Kh2 Kg7 38. Qd4+ Kh7 39. Qb2 Qc8 40.
Rxb7 Qc4 41. Rxf7+ Qxf7 42. Qxc1 Qa2 43. Qc7+ Kg8 44. Qd8+ Kh7 45. Kg2 Qb1 46.
Qc7+ Kg8 47. a6 Qe4+ 48. Kh2 Qf3 49. Qb8+ 1-0

[Event "Olimpiada Calviá 2004"]
[Site "Calviá ESP"]
[Date "2004.10.24"]
[Round "9.23"]
[White "Cvitan, Ognjen"]
[Black "Ghaem Maghami, Ehsan"]
[Result "1/2-1/2"]
[WhiteElo "2532"]
[BlackElo "2558"]
[PlyCount "25"]
[EventDate "2004.10.15"]
[EventType "team"]
[EventRounds "14"]
[EventCountry "ESP"]
[Source "lmi"]
[SourceDate "2004.10.27"]

1. Nf3 c5 2. c4 Nf6 3. Nc3 e6 4. g3 b6 5. Bg2 Bb7 6. O-O Be7 7. Re1 a6 8. e4 d6
9. d4 cxd4 10. Nxd4 Qc7 11. Be3 O-O 12. Rc1 Nbd7 13. f4 1/2-1/2

[Event "Olimpiada Calviá 2004"]
[Site "Calviá ESP"]
[Date "2004.10.24"]
[Round "9.23"]
[White "Mahjoob, Morteza"]
[Black "Zelcic, Robert"]
[Result "1/2-1/2"]
[WhiteElo "2455"]
[BlackElo "2531"]
[PlyCount "107"]
[EventDate "2004.10.15"]
[EventType "team"]
[EventRounds "14"]
[EventCountry "ESP"]
[Source "lmi"]
[SourceDate "2004.10.27"]

1. e4 d5 2. exd5 Qxd5 3. Nc3 Qa5 4. d4 Nf6 5. Nf3 c6 6. Bc4 Bf5 7. Ne5 e6 8. g4
Bg6 9. h4 Bd6 10. Bf4 Bxe5 11. Bxe5 Nbd7 12. Bxf6 Nxf6 13. h5 Be4 14. f3 Bd5
15. Bxd5 Nxd5 16. Qd2 Nxc3 17. Qxc3 Qg5 18. h6 O-O-O 19. hxg7 Qxg7 20. O-O-O
Rd5 21. Qe3 h5 22. c3 hxg4 23. Rxh8+ Qxh8 24. fxg4 Qf6 25. Rd2 Qg5 26. Qxg5
Rxg5 27. Rf2 Rg7 28. Kd2 Kd7 29. Ke3 Ke7 30. Kf4 Rh7 31. c4 Rh1 32. Rf3 Rd1 33.
Ke4 Re1+ 34. Kf4 Rc1 35. c5 Rc4 36. Ke5 Rb4 37. b3 b6 38. a3 Rb5 39. b4 bxc5
40. dxc5 a5 41. Rf4 axb4 42. axb4 Rb8 43. Rd4 f6+ 44. Ke4 e5 45. Rd6 Rxb4+ 46.
Kf3 Rb3+ 47. Kf2 Kf7 48. Rxc6 Kg6 49. Rc8 Kg5 50. Rg8+ Kf4 51. Rf8 Rb2+ 52. Kf1
Rc2 53. Rxf6+ Kxg4 54. c6 1/2-1/2

[Event "Olimpiada Calviá 2004"]
[Site "Calviá ESP"]
[Date "2004.10.24"]
[Round "9.23"]
[White "Dizdar, Goran"]
[Black "Moradiabadi, Elshan"]
[Result "1/2-1/2"]
[WhiteElo "2535"]
[BlackElo "2445"]
[PlyCount "60"]
[EventDate "2004.10.15"]
[EventType "team"]
[EventRounds "14"]
[EventCountry "ESP"]
[Source "lmi"]
[SourceDate "2004.10.27"]

1. d4 Nf6 2. Nf3 g6 3. c4 Bg7 4. g3 O-O 5. Bg2 c6 6. O-O d5 7. b3 Bf5 8. Bb2 a5
9. Nc3 Ne4 10. Rc1 Nxc3 11. Bxc3 Be4 12. e3 e6 13. Bh3 Bxf3 14. Qxf3 a4 15. Qe2
Nd7 16. Qc2 axb3 17. axb3 Qe7 18. Ra1 Nf6 19. Bg2 Rfd8 20. Ra2 Rxa2 21. Qxa2
Ne4 22. Bxe4 dxe4 23. Qa7 h5 24. h4 Rd7 25. Qa5 Kh7 26. Ra1 f5 27. Bb4 Qf6 28.
Qa8 f4 29. gxf4 Qxh4 30. Qe8 Qg4+ 1/2-1/2

[Event "Olimpiada Calviá 2004"]
[Site "Calviá ESP"]
[Date "2004.10.24"]
[Round "9.23"]
[White "Ghorbani, Mohsen"]
[Black "Brkic, Ante"]
[Result "0-1"]
[WhiteElo "2343"]
[BlackElo "2454"]
[PlyCount "96"]
[EventDate "2004.10.15"]
[EventType "team"]
[EventRounds "14"]
[EventCountry "ESP"]
[Source "lmi"]
[SourceDate "2004.10.27"]

1. d4 Nf6 2. c4 g6 3. Nf3 Bg7 4. Nc3 d5 5. g3 O-O 6. Bg2 dxc4 7. O-O Nbd7 8. h3
c6 9. a4 Nd5 10. Bg5 N7f6 11. Qc1 Nxc3 12. bxc3 Ne4 13. Be3 Qa5 14. Ra3 Re8 15.
Rd1 Be6 16. Nh2 Bd5 17. Nf1 Nf6 18. f3 e5 19. Qc2 e4 20. f4 Re7 21. Bf2 e3 22.
Nxe3 Bxg2 23. Kxg2 Rae8 24. Qc1 Nd5 25. Nxc4 Nxf4+ 26. Qxf4 Qd5+ 27. Qf3 Qxc4
28. e3 Re4 29. Rb1 Bh6 30. Rb4 Qe6 31. c4 Bf8 32. c5 Bxc5 33. Rab3 Bxb4 34.
Rxb4 b6 35. Rb2 c5 36. dxc5 bxc5 37. a5 c4 38. Rc2 Qa6 39. Rd2 Qxa5 40. Rd7 Qf5
41. Qxf5 gxf5 42. Rxa7 Rc8 43. Ra1 c3 44. Kf3 c2 45. Rc1 Rb4 46. Ke2 Rb1 47.
Kd2 Rxc1 48. Kxc1 Kg7 0-1

[Event "Olimpiada Calviá 2004"]
[Site "Calviá ESP"]
[Date "2004.10.24"]
[Round "9.24"]
[White "Dobson Aguilar, Luis F"]
[Black "Stanojoski, Zvonko"]
[Result "0-1"]
[WhiteElo "2309"]
[BlackElo "2506"]
[PlyCount "118"]
[EventDate "2004.10.15"]
[EventType "team"]
[EventRounds "14"]
[EventCountry "ESP"]
[Source "lmi"]
[SourceDate "2004.10.27"]

1. e4 c5 2. Nf3 Nc6 3. d4 cxd4 4. Nxd4 g6 5. c4 Bg7 6. Be3 Nf6 7. Nc3 O-O 8.
Be2 d6 9. O-O Bd7 10. Rc1 Nxd4 11. Bxd4 Bc6 12. f3 a5 13. b3 Nd7 14. Be3 Nc5
15. Qd2 Qb6 16. Nb5 Rfc8 17. Rfd1 Qd8 18. Nd4 Qf8 19. Rb1 Bd7 20. Re1 h5 21. a3
Kh7 22. b4 axb4 23. axb4 Ne6 24. f4 Qh8 25. Nxe6 Bxe6 26. Rec1 Ra3 27. Kh1 Bc3
28. Qc2 Bxc4 29. Bxc4 Rxc4 30. Rb3 Rxb3 31. Qxb3 b5 32. e5 Qc8 33. exd6 exd6
34. f5 Bg7 35. Rf1 Qe8 36. f6 Bf8 37. Bg1 Kg8 38. h3 Qe4 39. Qa3 Rxb4 40. Qg3
Rb1 41. Rf4 Qe1 42. Qxe1 Rxe1 43. Rb4 Bh6 44. Kh2 Bg5 45. Bd4 Bf4+ 46. g3 Re2+
47. Kh1 Be5 48. Bxe5 Rxe5 49. Kg2 Rf5 50. g4 hxg4 51. hxg4 Rxf6 52. Rxb5 Kf8
53. Rb7 Ke8 54. Kg3 d5 55. Rb5 Rd6 56. Kf4 d4 57. Ke5 Rd7 58. Rb2 d3 59. Rd2
Ke7 0-1

[Event "Olimpiada Calviá 2004"]
[Site "Calviá ESP"]
[Date "2004.10.24"]
[Round "9.25"]
[White "Moldobaev, Emelbek"]
[Black "Rogers, Ian"]
[Result "0-1"]
[WhiteElo "2388"]
[BlackElo "2593"]
[PlyCount "70"]
[EventDate "2004.10.15"]
[EventType "team"]
[EventRounds "14"]
[EventCountry "ESP"]
[Source "lmi"]
[SourceDate "2004.10.27"]

1. Nf3 g6 2. d4 Nf6 3. c4 Bg7 4. g3 d5 5. cxd5 Nxd5 6. Bg2 Nb6 7. Nc3 Nc6 8. e3
e5 9. d5 Ne7 10. e4 c6 11. O-O cxd5 12. exd5 O-O 13. Ne1 Nf5 14. Nd3 Re8 15.
Re1 Nc4 16. b3 Ncd6 17. Bb2 Bd7 18. Ne4 Bb5 19. Nc3 Bxd3 20. Qxd3 Rc8 21. Rac1
Qa5 22. Ba1 a6 23. Kh1 h5 24. h3 Kh7 25. g4 hxg4 26. hxg4 Nd4 27. Bb2 Kg8 28.
Qg3 Bh6 29. g5 Bg7 30. Qg4 Rcd8 31. Red1 N4f5 32. Rc2 Rc8 33. Rdc1 e4 34. Qd1
e3 35. Qd3 exf2 0-1